| Tag |
First Indicator |
Second Indicator |
Subfields |
| LEADER |
00000cam a2200000 4500 |
| 001 |
in00000057823 |
| 005 |
20151008050432.0 |
| 008 |
730328m19439999sp b 00000 spa u |
| 010 |
|
|
|a 45012212
|
| 035 |
|
|
|a (OCoLC)00592319
|
| 035 |
|
|
|9 AAG1046AM
|
| 040 |
|
|
|c OUN
|d TXA
|d UtOrBLW
|
| 049 |
|
|
|a TXAM
|
| 050 |
|
0 |
|a HC384
|b .C3
|
| 082 |
0 |
|
|a 330.946
|
| 090 |
|
|
|a HC384
|b .C3 1943
|
| 092 |
|
|
|a 330.946
|b C261c
|
| 100 |
1 |
|
|a Carande, Ramón,
|d 1887-1986.
|
| 245 |
1 |
0 |
|a Carlos v y sus banqueros.
|
| 264 |
|
1 |
|a Madrid :
|b Revista de Occidente,
|c [1943]-
|
| 264 |
|
4 |
|c [©1943]
|
| 300 |
|
|
|a volumes :
|b illustrations, portrait, folded maps, facsimiles ;
|c 23 cm.
|
| 336 |
|
|
|a text
|b txt
|2 rdacontent
|
| 337 |
|
|
|a unmediated
|b n
|2 rdamedia
|
| 338 |
|
|
|a volume
|b nc
|2 rdacarrier
|
| 500 |
|
|
|a Volume 2 has imprint: Madrid, Sociedad de Estudios y Publicaciones.
|
| 504 |
|
|
|a Includes bibliographies.
|
| 505 |
0 |
|
|a [v. 1] La vida economica de Espana en una fase de su hegemonia, 1516-1556.--[v. 2] La Hacienda Real de Castilla.
|
| 600 |
0 |
0 |
|a Charles
|b V,
|c Holy Roman Emperor,
|d 1500-1558.
|
| 650 |
|
0 |
|a Banks and banking
|z Spain.
|
| 650 |
|
0 |
|a Finance
|z Spain
|x History.
|
| 651 |
|
0 |
|a Spain
|x Economic conditions.
|
| 740 |
3 |
|
|a La Hacienda Real de Castilla.
|
| 999 |
|
|
|a MARS
|
| 999 |
f |
f |
|s ab5f9d18-877c-3b06-a197-29fe94c4bc5e
|i 7b5df90d-170c-332c-9916-7093801f9d8f
|t 0
|